Communication between cultures / (Record no. 17893)
[ view plain ]
| 000 -LEADER | |
|---|---|
| fixed length control field | 00952nam a22002657a 4500 |
| 008 - FIXED-LENGTH DATA ELEMENTS--GENERAL INFORMATION | |
| fixed length control field | 140102t2007 at o grb 001 0 eng d |
| 020 ## - INTERNATIONAL STANDARD BOOK NUMBER | |
| International Standard Book Number | 0495095389 |
| 020 ## - INTERNATIONAL STANDARD BOOK NUMBER | |
| International Standard Book Number | 9780495095385 |
| 082 04 - DEWEY DECIMAL CLASSIFICATION NUMBER | |
| Edition number | 22 |
| Classification number | 303.482 |
| Item number | SAM |
| 100 1# - MAIN ENTRY--PERSONAL NAME | |
| 9 (RLIN) | 34753 |
| Personal name | Samovar, Larry A. |
| 245 10 - TITLE STATEMENT | |
| Title | Communication between cultures / |
| Statement of responsibility, etc | Larry A. Samovar, Richard E. Porter, Erwin R. McDaniel. |
| 250 ## - EDITION STATEMENT | |
| Edition statement | 6th ed., |
| Remainder of edition statement | international student ed. |
| 260 ## - PUBLICATION, DISTRIBUTION, ETC. (IMPRINT) | |
| Place of publication, distribution, etc | [Canberra] : |
| Name of publisher, distributor, etc | Thompson / Wadsworth, |
| Date of publication, distribution, etc | c.2007 |
| Place of manufacture | ([Ottawa]) |
| 300 ## - PHYSICAL DESCRIPTION | |
| Extent | xv, 415 p. : |
| Other physical details | photograph ; |
| Dimensions | 24 cm. |
| 490 0# - Series Statement | |
| Series statement | Wadsworth series in communication studies |
| 500 ## - GENERAL NOTE | |
| General note | Index : p. 407-415. |
| 504 ## - BIBLIOGRAPHY, ETC. NOTE | |
| Bibliography, etc | Bibliography : p. 370-405. |
| 650 #0 - SUBJECT ADDED ENTRY--TOPICAL TERM | |
| 9 (RLIN) | 34756 |
| Topical term or geographic name as entry element | Communication and culture |
| 653 ## - INDEX TERM--UNCONTROLLED | |
| Resource For college | |
| Arrived date list | December2013 |
| 655 ## - INDEX TERM--GENRE/FORM | |
| Form subdivision | |
| -- | 34232 |
| 650 #0 - SUBJECT ADDED ENTRY--TOPICAL TERM | |
| 9 (RLIN) | 12028 |
| Topical term or geographic name as entry element | Intercultural communication |
| 700 1# - ADDED ENTRY--PERSONAL NAME | |
| 9 (RLIN) | 34754 |
| Personal name | Porter, Richard E. |
| 700 1# - ADDED ENTRY--PERSONAL NAME | |
| 9 (RLIN) | 34755 |
| Personal name | McDaniel, Edwin R. |
| 942 ## - ADDED ENTRY ELEMENTS (KOHA) | |
| Source of classification or shelving scheme | Dewey Decimal Classification |
| Item type | Book - Borrowing |
| Call number prefix | 303.482 SAM |
| Withdrawn status | Item status | Source of classification or shelving scheme | Damaged status | Not for loan | Vendor | Home library | Current library | Shelving location | Date acquired | Source of acquisition | Total Checkouts | Full call number | Barcode | Date last seen | Koha item type |
|---|---|---|---|---|---|---|---|---|---|---|---|---|---|---|---|
| Dewey Decimal Classification | Donation-Gift | Central Library | Central Library | First floor | 02/01/2014 | Donation | 303.482 SAM | 000035269 | 15/07/2025 | Book - Borrowing |